Score 0/10 Timer 10:00
0 Plays Today
Hint Answer % Correct
Who is Momma Ballinger?Gwen Ballinger
89.2%
Who is Daddy Ballinger?Tim Ballinger
88.8%
Who is Colleens alter ego?Miranda Sings
56.2%
Name their 3 kids (oldest - youngest)Bailey Jacob Parker
52.7%
What is the name of Chris's wife?Jessica Ballinger
48.5%
What is Chris's talent?Magician
47.7%
Name all 4 Ballinger Siblings (oldest - youngest)Chris Trent Collen Rachel
35.8%
What is Colleens full name?Colleen Mae Ballinger
35.8%
Where do Daddy and Momma Ballinger live?Santa Barbara, California
30.4%
Who is Teeny?Colleen's best friend
25.4%
Remove Ads.
Support Sporcle.
Get the best of Sporcle when you Go Orange. This ad-free experience offers more features, more stats, and more fun while also helping to support Sporcle. Thank you for becoming a member.

You're not logged in!

Compare scores with friends on all Sporcle quizzes.
OR
Log In

Show Comments

Extras

Created Jan 7, 2015ReportNominate
Tags:Youtube

Top Quizzes Today


Score Distribution

Your Account Isn't Verified!

In order to create a playlist on Sporcle, you need to verify the email address you used during registration. Go to your Sporcle Settings to finish the process.

Report this User

Report this user for behavior that violates our Community Guidelines.

Details: